[Event "e2e4 Int Masters B"]
[Site "Sunningdale ENG"]
[Date "2011.08.11"]
[Round "2"]
[White "Jackson,J"]
[Black "Venkataramanan,T"]
[Result "0-1"]
[WhiteElo "2157"]
[BlackElo "2277"]

1.e4 e5 2.Nf3 Nc6 3.Bb5 a6 4.Ba4 Nf6 5.O-O Be7 6.Re1 b5 7.Bb3 d6 8.c3 O-O
9.h3 Nb8 10.d4 Nbd7 11.Nbd2 Bb7 12.Bc2 Re8 13.Nf1 Bf8 14.Ng3 g6 15.a4 Bg7
16.Bg5 Qe7 17.Bd3 c6 18.Qc2 Nf8 19.axb5 cxb5 20.d5 N8d7 21.Be3 Rec8 22.Qe2 Nc5
23.Bxc5 dxc5 24.c4 b4 25.Ra5 Ne8 26.Nd2 Rc7 27.Nb3 Bf6 28.Nf1 Bc8 29.Rea1 Bg5
30.f3 Qd6 31.Qf2 Be7 32.Ne3 Ng7 33.Bf1 Nh5 34.Nc2 Rb8 35.Ne1 Bb7 36.Nd3 Rbc8
37.g3 f5 38.f4 exf4 39.e5 fxg3 40.Qg2 Qd8 41.Be2 Bg5 42.Bf3 Be3+ 43.Kh1 Qh4
44.Re1 Bf2 45.Re2 Qxc4 46.Nbc1 Nf4  0-1

[Event "Stare Mesto FIDE Open"]
[Site "Stare Mesto CZE"]
[Date "2011.08.17"]
[Round "7"]
[White "Zeberski,J"]
[Black "Pagerka,M"]
[Result "0-1"]
[WhiteElo "2382"]
[BlackElo "2223"]

1.e4 e5 2.Nf3 Nc6 3.Bb5 a6 4.Ba4 Nf6 5.O-O Be7 6.Re1 b5 7.Bb3 d6 8.c3 O-O
9.h3 Nb8 10.d4 Nbd7 11.Nbd2 Bb7 12.Bc2 Re8 13.Nf1 Bf8 14.Bg5 h6 15.Bh4 Qb8
16.dxe5 dxe5 17.N3h2 Re6 18.Qf3 a5 19.Ng4 a4 20.Rad1 c6 21.a3 Bc8 22.Nge3 Nc5
23.Bb1 Nfd7 24.Nd2 Nb3 25.Nxb3 axb3 26.Rd2 Qc7 27.Red1 Nc5 28.Rd8 Rb8 29.Nf5 Bd7
30.Rxb8 Qxb8 31.Qe3 Qe8 32.Bd3 Na4 33.Rd2 Kh7 34.Be2 Bc5 35.Qd3 Nb6 36.Bd1 g6
37.Bxb3 gxf5 38.Bxe6 fxe6 39.Bf6 Qg6 40.Bxe5 fxe4 41.Qe2 Nd5 42.Bd4 Bd6 43.Be3 e5
44.Kf1 Be6 45.Qe1 Nf4 46.Bxf4 exf4 47.Rd4 Bc4+ 48.Kg1 Bd5 49.Kh1 Be5 50.Rd1 Qh5
51.a4 f3 52.axb5 fxg2+ 53.Kxg2 Qf3+ 54.Kg1 Qxh3 55.b3 Bh2+ 56.Kh1 e3+ 57.Rxd5 Bg3+  0-1

[Event "Caissa GM Aug 2011"]
[Site "Kecskemet HUN"]
[Date "2011.08.21"]
[Round "2.3"]
[White "Antal,T"]
[Black "Kislik,E"]
[Result "1/2-1/2"]
[WhiteElo "2256"]
[BlackElo "2328"]

1.e4 e5 2.Nf3 Nc6 3.Bb5 a6 4.Ba4 Nf6 5.O-O Be7 6.Re1 b5 7.Bb3 d6 8.c3 O-O
9.h3 Nb8 10.d4 Nbd7 11.Nbd2 Bb7 12.Bc2 c5 13.d5 c4 14.Nf1 Qc7 15.Ng3 g6 16.Nh2 a5
17.Ng4 Nxg4 18.hxg4 f6 19.Qe2 Ba6 20.Be3 b4 21.Ba4 bxc3 22.bxc3 Nc5 23.Bc6 Nd3
24.Reb1 Rab8 25.Qc2 Rxb1+ 26.Rxb1 Rb8  1/2-1/2

[Event "26th Schwarzacher Open"]
[Site "Schwarzach AUT"]
[Date "2011.08.23"]
[Round "4"]
[White "Wegerer,J"]
[Black "Gruber,Mic"]
[Result "1/2-1/2"]
[WhiteElo "2082"]
[BlackElo "2141"]

1.e4 e5 2.Nf3 Nc6 3.Bb5 a6 4.Ba4 Nf6 5.O-O Be7 6.Re1 b5 7.Bb3 d6 8.h3 O-O
9.c3 Nb8 10.d4 Nbd7 11.Nbd2 Bb7 12.Bc2 Re8 13.Nf1 Bf8 14.Ng3 g6 15.a4 Bg7
16.d5 Qb8 17.axb5 axb5 18.Rxa8 Bxa8 19.b3 c6 20.c4 Nc5 21.Be3 Nfd7 22.Qd2 Nf6
23.Qb4 Qd8 24.Rc1 bxc4 25.bxc4 Nfd7 26.Rb1 Rf8 27.Ra1 Bb7 28.Rb1 Re8 29.Ra1 Rf8
30.Qa5 Qxa5 31.Rxa5  1/2-1/2

[Event "TCh-SRB Premier Women"]
[Site "Valjevo SRB"]
[Date "2011.09.04"]
[Round "9.2"]
[White "Videnova,I"]
[Black "Kashlinskaya,A"]
[Result "1-0"]
[WhiteElo "2353"]
[BlackElo "2360"]

1.e4 e5 2.Nf3 Nc6 3.Bb5 a6 4.Ba4 Nf6 5.O-O Be7 6.Re1 b5 7.Bb3 d6 8.c3 O-O
9.h3 Nb8 10.d4 Nbd7 11.Nbd2 Bb7 12.Bc2 Re8 13.Nf1 Bf8 14.Ng3 g6 15.a4 c5
16.d5 c4 17.Bg5 h6 18.Be3 Nc5 19.Qd2 h5 20.Bg5 Be7 21.Qe2 Nxd5 22.Bxe7 Nxe7
23.Qe3 f6 24.Qh6 Kf7 25.Nxh5 gxh5 26.Qxh5+ Kg7 27.Qg4+ Kf7 28.Qh5+ Kg7 29.Qg4+ Kf8
30.Re3 Qd7 31.Qh5 Nc8 32.Ng5 Qg7 33.Rg3 Ke7 34.Ne6 Nxe6 35.Rxg7+ Nxg7 36.Qh7 Kf7
37.Bd1 Rg8 38.Bh5+ Kf8 39.Qh6 Ke7 40.Qg6 Nxh5 41.Qxg8 Bxe4 42.f3 Bf5 43.Qh8 Nf4
44.Qg7+ Ke8 45.axb5 a5 46.Qxf6 Ra7 47.Qh8+ Ke7 48.Qg7+ Ke8 49.h4 Ne6 50.Qf6 Nb6
51.f4 e4 52.Qxf5  1-0

[Event "TCh-POL 1st League"]
[Site "Mrzezyno POL"]
[Date "2011.09.06"]
[Round "4"]
[White "Wisniowska,K"]
[Black "Warakomska,A"]
[Result "1-0"]
[WhiteElo "2074"]
[BlackElo "2172"]

1.e4 e5 2.Nf3 Nc6 3.Bb5 a6 4.Ba4 Nf6 5.O-O Be7 6.Re1 b5 7.Bb3 d6 8.c3 O-O
9.h3 Nb8 10.d4 Nbd7 11.Nbd2 Bb7 12.Bc2 Re8 13.Nf1 Bf8 14.Ng3 g6 15.a4 c5
16.d5 c4 17.Bg5 h6 18.Be3 Nc5 19.Qd2 h5 20.Bg5 Be7 21.Bh6 Nfd7 22.Ra3 Nb6
23.axb5 axb5 24.Rxa8 Bxa8 25.Ng5 f6 26.Nf3 Kh7 27.Be3 Nbd7 28.Ra1 Bb7 29.Qe2 Kg7
30.Nh4 Rh8 31.Qf3 Qc7 32.Ngf5+ gxf5 33.Qg3+ Kf8 34.Ng6+ Ke8 35.Nxh8 f4 36.Qg8+ Nf8
37.Bxc5 Qxc5 38.Qf7+ Kd8 39.Qxh5  1-0

[Event "Yuzhny Open"]
[Site "Yuzhny UKR"]
[Date "2011.09.06"]
[Round "6.6"]
[White "Sivuk,V"]
[Black "Bondarchuk,Sergei"]
[Result "1-0"]
[WhiteElo "2436"]
[BlackElo "2309"]

1.e4 e5 2.Nf3 Nc6 3.Bb5 a6 4.Ba4 Nf6 5.O-O Be7 6.Re1 b5 7.Bb3 d6 8.c3 O-O
9.h3 Nb8 10.d4 Nbd7 11.Nbd2 Bb7 12.Bc2 Re8 13.Nf1 d5 14.Nxe5 Nxe5 15.dxe5 Nxe4
16.f3 Ng5 17.Ng3 Bc5+ 18.Kh2 Bf2 19.Re2 Bxg3+ 20.Kxg3 f6 21.Bxg5 fxg5 22.Qd3 g6
23.Rh1 Qe7 24.h4 gxh4+ 25.Rxh4 Rad8 26.b4 Bc8 27.Qe3 Rf8 28.Re1 Bf5 29.Bb3 c6
30.a4 Rde8 31.a5 Bc8 32.Qh6 Qg7 33.f4 Qxh6 34.Rxh6 Bf5 35.Reh1 Re7 36.R1h2 Be4
37.Bd1 Rd8 38.Bb3 Kh8 39.Kg4 Rf8 40.g3 Rg7 41.Rf2 Rf5 42.Bc2 Bxc2 43.Rxc2 Re7
44.Rch2 Kg8 45.Kf3 Ref7 46.Ke3 g5 47.Rf2 Kg7 48.Rxc6 h5 49.e6 Re7 50.fxg5 Rxg5
51.Rxa6 Rxg3+ 52.Kd4 h4 53.Rf7+ Rxf7 54.exf7 Kxf7 55.Rh6 Rg4+ 56.Kc5 Kg7
57.Re6 Rc4+ 58.Kxb5 Rxc3 59.a6 h3 60.a7 Ra3 61.Kb6 d4 62.Kb7 h2 63.Re1 Re3
64.Rh1 Re7+ 65.Kb6 Re6+ 66.Kb5 Re5+ 67.Kc4 Re8 68.b5  1-0

[Event "ch-Euro Youth g16"]
[Site "Albena BUL"]
[Date "2011.09.14"]
[Round "4.23"]
[White "Cyboran,K"]
[Black "Stoeri,L"]
[Result "1/2-1/2"]
[WhiteElo "1787"]
[BlackElo "1955"]

1.e4 e5 2.Nf3 Nc6 3.Bb5 a6 4.Ba4 Nf6 5.O-O Be7 6.Re1 b5 7.Bb3 O-O 8.c3 d6
9.h3 Nb8 10.Bc2 Nbd7 11.d4 Bb7 12.Nbd2 Re8 13.Nf1 Bf8 14.d5 c6 15.Ne3 Nc5
16.dxc6 Bxc6 17.Nd5 h6 18.b4 Ncd7 19.Bb2 Rc8 20.a4 Bxd5 21.exd5 Nb6 22.axb5 axb5
23.Bb3 Qc7 24.Ra5 Nc4 25.Bxc4 Qxc4 26.Nd2 Qd3 27.Ne4 Qxd1 28.Nxf6+ gxf6 29.Rxd1 Rb8
30.Rda1 f5 31.Ra7 Bg7 32.Rd7 Ra8 33.Raa7 Rxa7 34.Rxa7 e4 35.Ra5 e3 36.fxe3 Rxe3
37.Kf2 Rd3 38.Ke2 Rg3 39.Kf2 Rd3 40.Ke2 Rg3 41.Kf1 Rd3 42.Ke2  1/2-1/2

[Event "ch-Euro Youth g16"]
[Site "Albena BUL"]
[Date "2011.09.14"]
[Round "4.2"]
[White "Tantsiura,M"]
[Black "Tomnikova,L"]
[Result "1-0"]
[WhiteElo "2138"]
[BlackElo "2092"]

1.e4 e5 2.Nf3 Nc6 3.Bb5 a6 4.Ba4 Nf6 5.O-O b5 6.Bb3 Be7 7.Re1 d6 8.c3 O-O
9.h3 Nb8 10.a4 Bb7 11.d3 Nbd7 12.Be3 c5 13.Nbd2 d5 14.Bg5 c4 15.dxc4 dxc4
16.Bc2 Qc7 17.Nh4 Rfd8 18.Nf5 Bf8 19.Qf3 h6 20.Be3 Kh7 21.Qg3 Nc5 22.Qh4 Qc6
23.Nf3 Nd3 24.Bxd3 cxd3 25.Bg5 d2 26.Bxd2 Rxd2 27.Nxd2 g6 28.Ne3 Rd8 29.Nf3 Qxe4
30.Ng5+  1-0

[Event "2nd Zlatni Rat Open"]
[Site "Bol CRO"]
[Date "2011.09.14"]
[Round "6.1"]
[White "Palac,M"]
[Black "Brkic,A"]
[Result "1/2-1/2"]
[WhiteElo "2591"]
[BlackElo "2606"]

1.e4 e5 2.Nf3 Nc6 3.Bb5 a6 4.Ba4 Nf6 5.O-O Be7 6.Re1 b5 7.Bb3 O-O 8.h3 d6
9.c3 Nb8 10.d3 Nbd7 11.Nbd2 Bb7 12.Nf1  1/2-1/2

[Event "Caissa GM Sept 2011"]
[Site "Kecskemet HUN"]
[Date "2011.09.17"]
[Round "1.5"]
[White "Vajda,Le"]
[Black "Sax,G"]
[Result "1/2-1/2"]
[WhiteElo "2557"]
[BlackElo "2492"]

1.e4 e5 2.Nf3 Nc6 3.Bb5 a6 4.Ba4 Nf6 5.O-O Be7 6.Re1 b5 7.Bb3 O-O 8.c3 d6
9.h3 Nb8 10.d4 Nbd7 11.Nbd2 Bb7 12.Bc2 Re8 13.Nf1 Bf8 14.Ng3 g6 15.a4 c5
16.d5 c4 17.Bg5 h6 18.Be3 Nc5 19.Qd2 Kh7 20.Ra3 Qc7  1/2-1/2

[Event "ch-Euro Youth g18"]
[Site "Albena BUL"]
[Date "2011.09.18"]
[Round "7.28"]
[White "Popadic,Milica"]
[Black "Atanasova,Elitsa"]
[Result "1/2-1/2"]
[WhiteElo "1622"]
[BlackElo "1728"]

1.e4 e5 2.Nf3 Nc6 3.Bb5 a6 4.Ba4 Nf6 5.O-O Be7 6.Re1 b5 7.Bb3 d6 8.h3 O-O
9.c3 Nb8 10.d4 Nbd7 11.Bg5 Bb7 12.Nbd2 h6 13.Bh4 Re8 14.Bg3 Bf8 15.dxe5 Nxe5
16.Nxe5 dxe5 17.Qc2 Nh5 18.Bh2 Bc5 19.Rad1 Qf6 20.Nf3 Bd6 21.Re3 Nf4 22.Ne1 Bc5
23.Rf3 Qg5 24.Rd7 Re7 25.Rxe7 Bxe7 26.Bxf4 exf4 27.g3 Bd6 28.Ng2 Qh5 29.Qd3 Qg6
30.Nxf4 Qxe4 31.Nd5 Qxd3 32.Rxd3 Re8 33.Ne3 Bf3 34.Nc2  1/2-1/2

[Event "Caissa GM Sept 2011"]
[Site "Kecskemet HUN"]
[Date "2011.09.19"]
[Round "3.2"]
[White "Groszpeter,A"]
[Black "Hou,Qiang"]
[Result "1-0"]
[WhiteElo "2521"]
[BlackElo "2320"]

1.e4 e5 2.Nf3 Nc6 3.Bb5 a6 4.Ba4 Nf6 5.O-O Be7 6.Re1 b5 7.Bb3 d6 8.c3 O-O
9.h3 Nb8 10.d4 Nbd7 11.Nbd2 Bb7 12.Bc2 Re8 13.Nf1 Bf8 14.Ng3 g6 15.a4 c5
16.d5 c4 17.Bg5 h6 18.Be3 Nc5 19.Qd2 Kh7 20.Qe2 Bg7 21.Nd2 Nfd7 22.b4 cxb3
23.Bxb3 Rb8 24.Reb1 Qc7 25.Bc2 Rec8 26.axb5 axb5 27.Qf3 Na6 28.Bd3 Nf6 29.Bxb5 Qxc3
30.Ne2 Qc2 31.Bxa6 Bxa6 32.Rxb8 Rxb8 33.Rxa6 Rb2 34.Rxd6 Qd1+ 35.Kh2 Rxd2
36.Bxd2 Qxd2 37.Rxf6 Bxf6 38.Qxf6 Qxe2 39.Qxf7+ Kh8 40.d6  1-0

[Event "4th Mumbai Mayors Cup"]
[Site "Mumbai IND"]
[Date "2011.09.20"]
[Round "7"]
[White "Hossain,Enam"]
[Black "Prasad,De"]
[Result "1/2-1/2"]
[WhiteElo "2481"]
[BlackElo "2365"]

1.e4 e5 2.Nf3 Nc6 3.Bb5 a6 4.Ba4 Nf6 5.O-O Be7 6.Re1 b5 7.Bb3 d6 8.c3 O-O
9.h3 Nb8 10.d4 Nbd7 11.c4 Bb7 12.Nc3 c6 13.a3 h6 14.Be3 Re8 15.Nh4 bxc4 16.Bxc4 d5
17.Ba2 Bf8 18.Nf5 exd4 19.Bxd4 g6 20.Ng3 Qb8 21.Qf3 Qd6 22.Rad1 Re7 23.Na4 Rae8
24.Bb1 Bg7 25.Qc3 Qf4 26.Qb4 Qc7 27.Nc5 Nxc5 28.Bxc5 Re6 29.exd5 cxd5 30.Rxe6 Rxe6
31.Bd4 h5 32.Bc3 Qc6 33.Bd4 Qc7 34.Nf1 a5 35.Qc3 Rc6 36.Qd2 Bc8 37.Ne3 Be6
38.Bc3 Ne4 39.Bxe4 Bxc3 40.Nxd5 Bxd2 41.Nxc7 Rc1 42.Rxc1 Bxc1 43.b4 axb4
44.axb4 Bc4 45.b5 Bf4 46.b6 Kf8 47.Bd5 Bd3 48.Na8 h4 49.b7 Bb5 50.Nb6 f6
51.Bc4 Bc6 52.Bd5 Bb5 53.Nc8 Ke8 54.Na7 Bd7 55.Nc6 Bxc6 56.Bxc6+ Kd8 57.Kf1 Kc7
58.Bd5 Kb6 59.Ke2 Kc5 60.Kf3 Bc7 61.Bf7 g5 62.g3 hxg3 63.fxg3 Kd6 64.Bg6 Ke7
65.Bf5 Kd6 66.Kg4 Ke7 67.Bd3 Ke6 68.Bc4+ Ke7 69.Be2 Bb8 70.Bd3 Bc7 71.Kf3 Bb8
72.Bf5 Bc7 73.Kg4 Bb8 74.h4 gxh4 75.gxh4 Kf8  1/2-1/2

[Event "Caissa GM Sept 2011"]
[Site "Kecskemet HUN"]
[Date "2011.09.23"]
[Round "7.4"]
[White "Estrada Nieto,J"]
[Black "Hou,Qiang"]
[Result "1/2-1/2"]
[WhiteElo "2285"]
[BlackElo "2320"]

1.e4 e5 2.Nf3 Nc6 3.Bb5 a6 4.Ba4 Nf6 5.O-O Be7 6.Re1 b5 7.Bb3 d6 8.c3 O-O
9.h3 Nb8 10.d4 Nbd7 11.Nbd2 Bb7 12.Bc2 Re8 13.Nf1 Bf8 14.Ng3 g6 15.a4 c5
16.d5 c4 17.Bg5 Nc5 18.axb5 axb5 19.Rxa8 Bxa8 20.Qd2 h5 21.Ra1 Be7 22.Ra7 Bb7
23.Qc1 Qb8 24.Ra5 Ba6 25.Qd2 Qb6 26.Ra1 Rb8 27.Nh4 Bd8 28.Be3 Nfd7 29.Bg5 Bxg5
30.Qxg5 Qd8 31.Qxd8+ Rxd8 32.Nf3 Rb8 33.Nd2 b4 34.cxb4 Rxb4 35.Ra2 Nb6 36.Ne2 Nba4
37.Bxa4 Rxa4 38.Nc3 Rxa2 39.Nxa2 Nd3 40.b3 cxb3 41.Nxb3 Bc4 42.Nac1 Nxc1
43.Nxc1 Kf8 44.h4 Ke7 45.f3 Kd7 46.Kf2 Kc7 47.Ne2 Bxe2 48.Kxe2  1/2-1/2

[Event "Caissa GM Sept 2011"]
[Site "Kecskemet HUN"]
[Date "2011.09.26"]
[Round "9.5"]
[White "Kislik,E"]
[Black "Hou,Qiang"]
[Result "1/2-1/2"]
[WhiteElo "2320"]
[BlackElo "2320"]

1.e4 e5 2.Nf3 Nc6 3.Bb5 a6 4.Ba4 Nf6 5.O-O Be7 6.Re1 b5 7.Bb3 d6 8.c3 O-O
9.h3 Nb8 10.d4 Nbd7 11.Nbd2 Bb7 12.Bc2 Re8 13.a4 Bf8 14.Bd3 c6 15.Qc2 g6
16.dxe5 dxe5 17.Nb3 Nc5 18.Nxc5 Bxc5 19.Bh6 Rb8 20.c4 b4 21.Nd2 Nd7 22.Nb3 Qh4
23.Bc1 Rbd8 24.Bf1 Qe7 25.Nxc5 Nxc5 26.Be3 Ne6 27.c5 Nd4 28.Qc4 a5 29.Rad1 Rd7
30.Bxd4 Red8 31.Bxe5 Rxd1 32.Bd6 R1xd6 33.cxd6 Qxd6 34.e5  1/2-1/2

[Event "Campomanes Mem GM"]
[Site "Yangon MYA"]
[Date "2011.09.26"]
[Round "8"]
[White "Myo Naing"]
[Black "Zaw Win Lay"]
[Result "1/2-1/2"]
[WhiteElo "2317"]
[BlackElo "2377"]

1.e4 e5 2.Nf3 Nc6 3.Bb5 a6 4.Ba4 Nf6 5.O-O Be7 6.Re1 b5 7.Bb3 d6 8.c3 O-O
9.h3 Nb8 10.d4 Nbd7 11.Nbd2 Bb7 12.Bc2 Re8 13.Nf1 Bf8 14.Ng3 g6 15.a4 Bg7
16.Qe2 exd4 17.cxd4 bxa4 18.Rxa4 c5 19.Qd1 Nb6 20.Ra1 Rc8 21.dxc5 dxc5 22.Qxd8 Rcxd8  1/2-1/2

[Event "Belgrade Premier League 2011"]
[Site "Belgrade SRB"]
[Date "2011.10.01"]
[Round "1.1"]
[White "Jovanovic,Zo1 SCG"]
[Black "Orlov,Pa"]
[Result "1-0"]
[WhiteElo "2320"]
[BlackElo "2251"]

1.e4 e5 2.Nf3 Nc6 3.Bb5 a6 4.Ba4 Nf6 5.O-O Be7 6.Re1 b5 7.Bb3 d6 8.c3 O-O
9.h3 Nb8 10.d4 Nbd7 11.Nbd2 Bb7 12.Bc2 Re8 13.b3 Bf8 14.Bb2 g6 15.d5 c6 16.c4 Rb8
17.Bc1 Bh6 18.Nh2 Qa5 19.dxc6 Bxc6 20.cxb5 axb5 21.Nc4 bxc4 22.Bxh6 d5 23.exd5 Qxd5
24.Qxd5 Bxd5 25.bxc4 Bxc4 26.Rec1 Bd5 27.Ba4 Rb6 28.Rc7 Rb7 29.Rac1 Rxc7
30.Rxc7 Be6 31.Bb5 Ra8 32.a4 Nb6 33.Rb7 Nfd5 34.Ng4 Bc8 35.Nf6+ Nxf6 36.Rxb6 Be6
37.a5 Nd5 38.Rd6 Ne7 39.g4 Nd5 40.Bc6  1-0

[Event "FSIMA Oct"]
[Site "Budapest HUN"]
[Date "2011.10.04"]
[Round "4"]
[White "Korpa,B"]
[Black "Hou,Qiang"]
[Result "0-1"]
[WhiteElo "2237"]
[BlackElo "2320"]

1.e4 e5 2.Nf3 Nc6 3.Bb5 a6 4.Ba4 Nf6 5.O-O Be7 6.Re1 b5 7.Bb3 d6 8.c3 O-O
9.h3 Nb8 10.d4 Nbd7 11.Nbd2 Bb7 12.Bc2 Re8 13.Nf1 Bf8 14.Ng3 g6 15.a4 c5
16.d5 c4 17.Bg5 Qc7 18.Qd2 h5 19.Nh2 Bg7 20.Rf1 Nc5 21.f3 Rab8 22.Ra3 Bc8
23.Rfa1 bxa4 24.Bxa4 Bd7 25.Bxd7 Nfxd7 26.R1a2 Rb7 27.Nh1 Reb8 28.Nf2 Rb5
29.Nd1 a5 30.g4 Nd3 31.gxh5 gxh5 32.Bh6 Bf6 33.f4 Kh7 34.f5 Rg8+ 35.Kf1 N7c5
36.Qe3 Nxe4 37.Qxe4 Kxh6 38.Nf3 Qc5 39.Ra4 Qxd5 40.Qxd5 Rxd5 41.Ne3 Rc5 42.Nxc4 e4  0-1

[Event "20th TCh-CRO 1a"]
[Site "Sibenik CRO"]
[Date "2011.10.05"]
[Round "2.1"]
[White "Fedorchuk,S"]
[Black "Erdos,V"]
[Result "1/2-1/2"]
[WhiteElo "2635"]
[BlackElo "2608"]

1.e4 e5 2.Nf3 Nc6 3.Bb5 a6 4.Ba4 Nf6 5.O-O Be7 6.Re1 b5 7.Bb3 d6 8.c3 O-O
9.h3 Nb8 10.d4 Nbd7 11.Nbd2 Bb7 12.Bc2 Re8 13.Bd3 Bf8 14.a4 c6 15.b3 g6 16.Bb2 Nh5
17.Bf1 Ng7 18.Qc2 Rc8 19.Rad1 exd4 20.cxd4 d5 21.Qb1 Qb6  1/2-1/2

[Event "TCh-MNE 1st League"]
[Site "Tivat MNE"]
[Date "2011.10.08"]
[Round "4.1"]
[White "Djukic,Ni"]
[Black "Krivokapic,M"]
[Result "1-0"]
[WhiteElo "2493"]
[BlackElo "2413"]

1.e4 e5 2.Nf3 Nc6 3.Bb5 a6 4.Ba4 Nf6 5.O-O Be7 6.Re1 b5 7.Bb3 O-O 8.h3 d6
9.c3 Nb8 10.d4 Nbd7 11.Nbd2 Bb7 12.Bc2 Re8 13.Nf1 Bf8 14.Ng3 g6 15.a4 c5
16.d5 c4 17.Bg5 h6 18.Be3 Nc5 19.Qd2 h5 20.Bg5 Be7 21.Ra3 Nfd7 22.Be3 Bf8
23.Rea1 Nb6 24.axb5 axb5 25.Rxa8 Bxa8 26.Qd1 Nba4 27.Ra2 Bb7 28.Nd2 Qc7 29.Nxc4 h4
30.Ne2 bxc4 31.Bxa4 Ra8 32.Bxc5 Qxc5 33.Qa1 Be7 34.Bc2 Rxa2 35.Qxa2 Bd8 36.Qa3 Qxa3
37.bxa3 Bg5 38.Kf1 Bd2 39.Ba4 Ba6 40.Bc6 Kf8 41.a4 Ke7 42.g3 hxg3 43.fxg3 Kd8
44.Kg2 f6 45.h4 Be1 46.Kf1 Bd2 47.Kf2 Bc8 48.Bb5 Bg4 49.Bxc4 f5 50.exf5 gxf5
51.a5 Kc7 52.Bb5 f4 53.gxf4 exf4 54.Nd4 Bxc3 55.Ne6+ Kc8 56.a6 Bf6 57.Ng5 f3
58.Bd3 Bh5 59.Be4 Bd4+ 60.Kg3 f2 61.Bd3 Kb8 62.Nh3 Bg6 63.Bc4 Ka7  1-0

[Event "49th ch-IND NatA"]
[Site "Aurangabad IND"]
[Date "2011.10.11"]
[Round "3"]
[White "G.,A"]
[Black "Sriram,J"]
[Result "0-1"]
[WhiteElo "2239"]
[BlackElo "2410"]

1.e4 e5 2.Nf3 Nc6 3.Bb5 a6 4.Ba4 Nf6 5.O-O Be7 6.Re1 b5 7.Bb3 d6 8.c3 O-O
9.h3 Nb8 10.d4 Nbd7 11.Nbd2 Bb7 12.Bc2 Re8 13.Nf1 Bf8 14.Ng3 g6 15.a4 Bg7
16.Bd3 c6 17.Be3 Qc7 18.dxe5 dxe5 19.c4 b4 20.c5 a5 21.Nd2 Rad8 22.Qe2 Nf8
23.Nc4 Ne6 24.Nd6 Re7 25.Ba6 Ba8 26.Bc4 Ne8 27.Bxe6 Rxe6 28.Qa6 Nxd6 29.cxd6 Qxd6
30.Qxa5 Bf8 31.Bb6 Rc8 32.Red1 Qe7 33.Rac1 c5 34.Bxc5 Rxc5 35.Qxa8 Kg7 36.Nf1 Qc7
37.Rb1 Ra5 38.Qd8 Qxd8 39.Rxd8 Rxa4 40.b3 Ra2 41.Rd2 Rea6 42.Rd5 R6a5 43.Rbd1 Bc5
44.Nd2 Bd4 45.Rxa5 Rxa5 46.Nc4 Ra2 47.Rd2 Ra1+ 48.Kh2 Rc1 49.f3 h5 50.h4 Rc3
51.Na5 f5 52.Ra2 fxe4 53.fxe4 Re3 54.Nc6 Rxe4 55.g3 Bc3 56.Ra7+ Kf6 57.Ra6 Re2+
58.Kh3 Kf7 59.Ra7+ Ke6 60.Nd8+ Kd5 61.Rd7+ Ke4 62.Ne6 Rb2 63.Nc5+ Ke3 64.Rd3+ Ke2
65.Rd6 Bd4 66.Ne6 Ke3 67.Nc7 Rxb3 68.Rxg6 Rb1 69.Nd5+ Ke4 70.Nf6+ Kf5 71.Rh6 Be3  0-1

[Event "II Oliver Gonzalez Memorial"]
[Site "Madrid ESP"]
[Date "2011.10.16"]
[Round "9.44"]
[White "Garcia Esteban,I"]
[Black "Anton Prado,A"]
[Result "1/2-1/2"]
[WhiteElo "1965"]
[BlackElo "1833"]

1.e4 e5 2.Nf3 Nc6 3.Bb5 a6 4.Ba4 Nf6 5.O-O Be7 6.Re1 b5 7.Bb3 d6 8.c3 O-O
9.h3 Nb8 10.d4 Nbd7 11.Nbd2 Bb7 12.d5 c6 13.dxc6 Bxc6 14.Bc2 Nc5 15.Nh2 d5
16.Ng4 dxe4 17.Nxe5 Bb7 18.b4 Qd5 19.bxc5 Qxe5 20.Nb3 Bxc5 21.Nxc5 Qxc5 22.Bb2 Rfe8
23.Qe2 Rad8 24.Rad1 Bd5 25.a4 Bc4 26.Qe3 Qxe3 27.fxe3 Bd3 28.Bb3 Nd7 29.axb5 axb5
30.Ba3 Nb6 31.Bc5 Na4 32.Bxa4 bxa4 33.Rd2 Re5 34.Bb4 Red5 35.Ra1 Ra8 36.Ra3 f5
37.Kf2 Kf7 38.h4 Kg6 39.Kg3 Kh5 40.Ra1 g5 41.hxg5 Kxg5 42.Be7+ Kg6 43.Bb4 h5
44.Kf2 Rd7 45.Kg3 Kg5 46.Rh1 Rh7 47.Ra2 h4+ 48.Rxh4 Rxh4 49.Be7+ Kg6 50.Kxh4 Bc4
51.Ra1 Bb3 52.Bc5 Ra5 53.Bd4 Ra8 54.Rb1 Ra6 55.Kh3 Bc4 56.g4 a3 57.Kg3 a2
58.Ra1 Ra5 59.Kf4 Rb5 60.gxf5+ Rxf5+ 61.Kxe4 Rf1 62.Rxf1 Bxf1 63.c4 Bxc4
64.Bc3 Bf7  1/2-1/2

[Event "49th ch-IND NatA"]
[Site "Aurangabad IND"]
[Date "2011.10.19"]
[Round "11"]
[White "Swathi,G"]
[Black "Soumya,Sw"]
[Result "1/2-1/2"]
[WhiteElo "2278"]
[BlackElo "2318"]

1.e4 e5 2.Nf3 Nc6 3.Bb5 a6 4.Ba4 Nf6 5.O-O Be7 6.Re1 b5 7.Bb3 d6 8.c3 O-O
9.h3 Nb8 10.d4 Nbd7 11.Nbd2 Bb7 12.Bc2 Re8 13.Nf1 Bf8 14.Ng3 g6 15.a4 c5
16.d5 c4 17.Bg5 h6 18.Be3 Nc5 19.Qd2 h5 20.Bg5 Be7 21.Bh6 Bf8 22.Bg5 Be7
23.Bh6 Bf8 24.Bg5 Be7 25.Bh6 Bf8  1/2-1/2

[Event "World Youth U16 Ol"]
[Site "Kocaeli TUR"]
[Date "2011.10.25"]
[Round "3.4"]
[White "Prince,Ba"]
[Black "Mikaelyan,A"]
[Result "1-0"]
[WhiteElo "2169"]
[BlackElo "2214"]

1.e4 e5 2.Nf3 Nc6 3.Bb5 a6 4.Ba4 Nf6 5.O-O Be7 6.Re1 b5 7.Bb3 d6 8.c3 O-O
9.h3 Nb8 10.d4 Nbd7 11.Nbd2 Bb7 12.Bc2 Re8 13.Nf1 Bf8 14.Ng3 g6 15.a4 c5
16.d5 c4 17.Bg5 h6 18.Be3 Nc5 19.Qd2 h5 20.Bg5 Be7 21.Ra3 Nfd7 22.Be3 Qc7
23.Nh2 Nf6 24.Bg5 Nh7 25.Be3 Nf6 26.Bg5 Nh7 27.Be3 h4 28.Ngf1 Nf6 29.Bg5 Nh5
30.Nf3 Qd8 31.Bxe7 Qxe7 32.Qh6 Qf6 33.Ne3 Qf4 34.Ng5 Qf6 35.Nf5 gxf5 36.Qxh5 f4
37.Qh7+ Kf8 38.Qxh4 Qg6 39.Nf3 f6 40.Nh2 Kf7 41.Qg4 Qh7 42.axb5 Rg8 43.Qf3 axb5
44.Rea1 Rxa3 45.Rxa3 Ra8 46.Rxa8 Bxa8 47.Qe2 Bb7 48.Nf1 Qg6 49.Kh2 Qg5 50.g3 Bc8
51.Nd2 Qh6 52.g4 Ke7 53.Kg2 Qg6 54.f3 Bb7 55.b3 Bxd5 56.bxc4 bxc4 57.Nxc4 Bxc4
58.Qxc4 Qh6 59.Qe2 Qh8 60.Qf2 Qb8 61.Bd1 Kf7 62.Qd2 Ke7 63.h4 Kf7 64.Be2 Kg7
65.Bc4 Kh6 66.Kh3 Qb1 67.Kh2 Qb6 68.Qg2 Qd8 69.Qa2 Qb8 70.Kh3 Kg7 71.Bd5 Kh6
72.Qa8 Qxa8 73.Bxa8 Na4 74.c4 Nb2 75.Bd5 Nd1 76.Kg2 Ne3+ 77.Kf2 Nc2 78.Bc6 Ne3
79.Bb5 Kg6 80.Ke2 Kh6 81.Kd3 Kg6 82.Ba4 Kh6 83.Kc3 Kg6 84.Kb4 Kf7 85.Bb3 Ng2
86.h5 Kg7 87.Kb5 Nh4 88.Bd1 Kf7 89.Kc6 Ke7 90.Be2 Ke6 91.h6 Ng6 92.h7 Nh8
93.Bd1 Ng6 94.Kc7 Ke7 95.Ba4 Nh8 96.Bd7 Nf7 97.Bf5 Nh8 98.Kc6 Nf7 99.Bg6 Nh8
100.Bh5 Ke6 101.Kc7 Ke7 102.Kc8 Ke6 103.Kd8 f5 104.gxf5+ Kf6 105.Kd7  1-0

[Event "26th Le Touquet Open"]
[Site "Le Touquet FRA"]
[Date "2011.10.26"]
[Round "6.13"]
[White "Jaulin,P"]
[Black "Ladisic,A"]
[Result "1/2-1/2"]
[WhiteElo "2162"]
[BlackElo "2041"]

1.e4 e5 2.Nf3 Nc6 3.Bb5 a6 4.Ba4 Nf6 5.O-O Be7 6.Re1 b5 7.Bb3 d6 8.c3 O-O
9.h3 Nb8 10.d4 Nbd7 11.Nbd2 Bb7 12.Bc2 c5 13.Nf1 Re8 14.Ng3 Bf8 15.d5 g6
16.a4 c4 17.Bg5 Qc7 18.Qd2 Kh8 19.Nh2 h5 20.Nf3 Nh7 21.Be3 Bg7 22.Ra3 Nc5
23.Rea1 Qe7 24.h4 Nf6 25.Bg5 Qf8 26.axb5 axb5 27.Ra5 Ng4 28.Qd1 f6 29.Bd2 Rxa5
30.Rxa5 Ba6 31.Qa1 Ra8 32.Nh2 Nxh2 33.Kxh2 Bb7 34.Be1 Qd8 35.Rxa8 Qxa8 36.Qxa8+ Bxa8  1/2-1/2

[Event "19th Skopje Open"]
[Site "Skopje MKD"]
[Date "2011.10.26"]
[Round "3"]
[White "Pancevski,F"]
[Black "Miron,L"]
[Result "1/2-1/2"]
[WhiteElo "2441"]
[BlackElo "2514"]

1.e4 e5 2.Nf3 Nc6 3.Bb5 a6 4.Ba4 Nf6 5.O-O Be7 6.Re1 b5 7.Bb3 d6 8.c3 O-O
9.h3 Nb8 10.d3 Nbd7 11.Nbd2 Nc5 12.Bc2 Ne6 13.Nf1 Bb7 14.Ng3 Nd7 15.d4 Ng5
16.Nh2 Ne6 17.Nf3 Ng5 18.Nh2 Ne6 19.Nf3  1/2-1/2

[Event "Chinese League"]
[Site "Qingdao CHN"]
[Date "2011.10.27"]
[Round "14"]
[White "Zhai Mo"]
[Black "Zhao Xue"]
[Result "0-1"]
[WhiteElo "2136"]
[BlackElo "2495"]

1.e4 e5 2.Nf3 Nc6 3.Bb5 a6 4.Ba4 Nf6 5.O-O Be7 6.Re1 b5 7.Bb3 d6 8.c3 O-O
9.h3 Nb8 10.d4 Nbd7 11.Nbd2 Bb7 12.Bc2 c5 13.d5 c4 14.Nf1 Qc7 15.g4 Rfb8
16.Ng3 a5 17.g5 Ne8 18.Nf5 Bf8 19.Nh2 Nc5 20.Bd2 Bc8 21.Ng4 b4 22.cxb4 axb4
23.b3 c3 24.Be3 Ra3 25.Bc1 Ra5 26.a4 bxa3 27.Re3 Na6 28.Rg3 a2 29.Nf6+ Nxf6
30.gxf6 g6 31.Ne3 Nb4 32.Nc4 Rab5 33.Rxc3 Qd8 34.Rf3 Bd7 35.Bd2 Ra8 36.Kh2 Qb8
37.Rg3 Qa7 38.Be3 Qb7 39.Bd2 Rc5 40.Be3 Rc7 41.Qd2 Qb8 42.h4 Rb7 43.Bd1 Qd8
44.h5 Rab8 45.Bg5 Qe8 46.Kg2 Rc7 47.Be2 Bc8 48.f4 exf4 49.Qxf4 Ba6 50.hxg6 fxg6
51.Qg4 Bc8 52.Qf3 Ra8 53.Bd3 Ba6 54.Rh3 Bxc4 55.bxc4 Qe5 56.Rf1 Qxg5+ 57.Rg3 Qd2+
58.Rf2 Qxf2+  0-1

[Event "1st WCGD"]
[Site "Dresden GER"]
[Date "2011.10.28"]
[Round "6"]
[White "Luther,T"]
[Black "Ivanov,Mikhail"]
[Result "1-0"]
[WhiteElo "2518"]
[BlackElo "1968"]

1.e4 e5 2.Nf3 Nc6 3.Bb5 a6 4.Ba4 Nf6 5.O-O b5 6.Bb3 Be7 7.Re1 O-O 8.c3 d6
9.h3 Nb8 10.d4 Nbd7 11.Nbd2 Bb7 12.a4 Re8 13.Bc2 Bf8 14.Bd3 Re7 15.b3 g6
16.Bb2 c6 17.Qc2 Qb6 18.axb5 cxb5 19.c4 Rc8 20.Qb1 Bg7 21.Qa2 Nh5 22.cxb5 Nf4
23.Bf1 axb5 24.Qa5 Qxa5 25.Rxa5 exd4 26.Bxd4 Nc5 27.Bxg7 Kxg7 28.Rxb5 Bc6
29.Rb6 Nd7 30.Rb4 Nc5 31.Rd4 d5 32.exd5 Rxe1 33.Nxe1 Nxd5 34.Nd3 Nd7 35.Nc4 Ra8
36.Nde5 Nxe5 37.Nxe5 Bb7 38.Bc4 Ra5 39.Kh2 g5 40.Nxf7 Nb6 41.Nd6 Ba6 42.b4 Ra4
43.Bxa6 Rxa6 44.Ne4 Ra2 45.Rd6 Nc8 46.Rc6 Ne7 47.Rc7 Kf8 48.b5  1-0